The death of Virgil

Sábháilte in:
Sonraí bibleagrafaíochta
Príomhchruthaitheoir: Broch, Hermann (Údar)
Formáid: LEABHAR
Teanga:Béarla
Foilsithe / Cruthaithe: San Francisco North Point Press 1983
Ábhair:
Clibeanna: Cuir clib leis
Níl clibeanna ann, Bí ar an gcéad duine le clib a chur leis an taifead seo!

MARC

LEADER 00000nam a2200000 a 4500
001 UCW0311
003 CL-VaPUC
008 921103e19830000US |||||||||||||||||eng|d
082 0 4 |a A839.03  |b BRO  |2 21 
100 0 |a Broch, Hermann  |e author  |9 304252 
245 1 4 |a The death of Virgil 
300 |a 493 p 
942 |c BK 
945 |d 19921103 00:00:00 
260 |a San Francisco  |b North Point Press  |c 1983 
650 0 |a Novelas austriacas  |9 269443 
583 |a last modification  |c 19921103 00:00:00  |k Rodrigo Vera 
999 |c 215522  |d 215520 
952 |0 0  |1 0  |4 0  |6 A_839_030000000000000_BRO_1983  |7 0  |8 A  |9 199862  |a BIBEDU  |b BIBEDU  |d 2019-11-14  |i 2671301  |o A839.03 BRO 1983  |p 2671301  |r 2019-11-14  |w 2019-11-14  |y BK  |k LIT